Труды Таврической духовной семинарии (Запись № 11187795)

Подробности
000 -МАРКЕР
контрольное поле 01266nas1a22003131i 4500
001 - ИДЕНТИФИКАТОР ЗАПИСИ
контрольное поле RU\NLR\BIBL_A\012274979
005 - ИДЕНТИФИКАТОР ВЕРСИИ
контрольное поле 20241103103547.0
035 ## - ДРУГИЕ СИСТЕМНЫЕ НОМЕРА
Идентификатор записи (NLR Aleph) 012274979
100 ## - ДАННЫЕ ОБЩЕЙ ОБРАБОТКИ
Данные общей обработки 20200617a20209999|||y0rusy50 ca
101 0# - ЯЗЫК РЕСУРСА
Язык текста, звукозаписи и т.д. русский
102 ## - СТРАНА ПУБЛИКАЦИИ ИЛИ ПРОИЗВОДСТВА
Страна публикации российская федерация
110 ## - ПОЛЕ КОДИРОВАННЫХ ДАННЫХ: ПРОДОЛЖАЮЩИЕСЯ РЕСУРСЫ
Кодированные данные продолжающегося ресурса zyuzz 0|y|
181 #0 - ПОЛЕ КОДИРОВАННЫХ ДАННЫХ: ВИД СОДЕРЖАНИЯ
Код вида содержания (ISBD) i
Код характеристики содержания (ISBD) axxe
182 #0 - ПОЛЕ КОДИРОВАННЫХ ДАННЫХ: ТИП СРЕДСТВА
Код типа средства (ISBD) n - непосредственное
200 1# - ЗАГЛАВИЕ И СВЕДЕНИЯ ОБ ОТВЕТСТВЕННОСТИ
Основное заглавие Труды Таврической духовной семинарии
Сведения, относящиеся к заглавию сборник трудов
Первые сведения об ответственности Симфероп. и Крым. епархия, Духов. образоват. орг. высш. образования "Тавр. духов. семинария"
203 ## - ВИД СОДЕРЖАНИЯ И ТИП СРЕДСТВА
Вид содержания Текст
Дополнительные сведения об издании визуальный
Тип средства непосредственный
207 #0 - ОБЛАСТЬ СПЕЦИФИЧЕСКИХ СВЕДЕНИЙ: НУМЕРАЦИЯ ПРОДОЛЖАЮЩИХСЯ РЕСУРСОВ
Нумерация: даты и обозначения томов Вып. 1 (2020) -
210 ## - ПУБЛИКАЦИЯ, РАСПРОСТРАНЕНИЕ И ДР.
Место издания, распространения и т.д. Симферополь
Имя издателя, распространителя и т. д. Ариал
Дата издания, распространения и т.д. 2020 -
606 ## - НАИМЕНОВАНИЕ ТЕМЫ КАК ПРЕДМЕТ
Наименование темы Православие
Формальный подзаголовок Периодические издания
Системный номер авторитетной/нормативной записи 1149727
Идентификатор авторитетной/нормативной записи RU\NLR\AUTH\66140500
686 2# - ИНДЕКСЫ ДРУГИХ КЛАССИФИКАЦИЙ
Индекс Э372.24я54
710 02 - НАИМЕНОВАНИЕ ОРГАНИЗАЦИИ - ПЕРВИЧНАЯ ОТВЕТСТВЕННОСТЬ
Начальный элемент ввода Таврическая духовная семинария
Идентифицирующий признак Симферополь
Системный номер авторитетной/нормативной записи 684769
Идентификатор авторитетной/нормативной записи RU\NLR\AUTH\880512110
852 ## - МЕСТОНАХОЖДЕНИЕ И ШИФР ХРАНЕНИЯ
Идентификатор организации NLR
Шифр хранения (Call Number) П37/355
852 ## - МЕСТОНАХОЖДЕНИЕ И ШИФР ХРАНЕНИЯ
Идентификатор организации NLR
942 ## - ДОПОЛНИТЕЛЬНЫЕ ЭЛЕМЕНТЫ ЗАПИСИ (АБИС)
Тип экземпляра АБИС Сборник
980 ## - КОЛЛЕКЦИЯ
Название коллекции Русская периодика

Нет доступных экземпляров.